000 00844nam a2200229 a 4500
001 000036419
005 20260527074042.0
008 120117s2012 dr ac r 000 0dspa d
020 _a9789945164688
040 _aDO-SdBNP
_bspa
_cBNPHU
082 _a324.27293
_bD542y
100 1 _aDíaz, José,
_d1953-
_962629
245 1 0 _aYo candidato :
_bpropongo, prometo, me comprometo.
260 _aSanto Domingo :
_bIdeas & Promos,
_c2012.
300 _a163 p. :
_bil., retrs. ;
_c22 cm.
590 _aInventariado, 2018/BT
650 4 _aCandidatos presidenciales
_zRepública Dominicana
_xEntrevistas
_962630
650 4 _aPolíticos
_zRepública Dominicana
_xEntrevistas
_946303
650 0 _aPartidos políticos
_zRepública Dominicana
_9285
651 0 _aRepública Dominicana
_xPolítica y gobierno
_945
910 _aValidado. Control de calidad. EMS
999 _c35910
_d35910